[Event "2nd Yerevan Open"]
[Site "?"]
[Date "2017.09.22"]
[Round "4.52"]
[White "Nazemi, Pedram"]
[Black "Kocharyan, Hayk"]
[Result "1/2-1/2"]
[WhiteElo "1978"]
[BlackElo "1737"]
[PlyCount "105"]

1. e4 c5 2. Nf3 a6 3. c4 Nc6 4. d4 cxd4 5. Nxd4 e6 6. Nc3 d6 7. Be2 Be7 8. Be3
Nf6 9. O-O O-O 10. Kh1 Re8 11. f4 Bf8 12. Bf3 Bd7 13. Rc1 Rc8 14. b4 Nxd4 15.
Qxd4 e5 16. Qd3 Be6 17. Nd5 Bxd5 18. cxd5 Rxc1 19. Rxc1 exf4 20. Bxf4 Nd7 21.
Qe3 f5 22. Qd2 fxe4 23. Bg4 Nf6 24. Be6+ Kh8 25. Bg5 Qe7 26. Rc4 h6 27. Bh4 g5
28. Bg3 Nh5 29. Qe2 Qf6 30. Rxe4 Qa1+ 31. Qe1 Nxg3+ 32. hxg3 Qxe1+ 33. Rxe1 Bg7
34. Rc1 Be5 35. Kh2 Re7 36. Kh3 Bb2 37. Rc8+ Kg7 38. Kg4 Be5 39. Rg8+ Kh7 40.
Rc8 Kg7 41. Rg8+ Kh7 42. Rd8 Kg6 43. Rc8 h5+ 44. Kf3 g4+ 45. Ke4 Bxg3 46. Rg8+
Kh7 47. Rg5 Kh6 48. Kf5 Bh4 49. Rg6+ Kh7 50. Bg8+ Kh8 51. Be6 Kh7 52. Bg8+ Kh8
53. Be6 1/2-1/2

[Event "2nd Yerevan Open"]
[Site "?"]
[Date "2017.09.22"]
[Round "4.53"]
[White "Adamyan, Mane"]
[Black "Davtyan, Arsen"]
[Result "1/2-1/2"]
[WhiteElo "1636"]
[BlackElo "1969"]
[PlyCount "50"]

1. d4 d5 2. c4 c6 3. Nf3 Nf6 4. e3 e6 5. b3 Nbd7 6. Bb2 Bd6 7. Bd3 O-O 8. O-O
b6 9. Nbd2 Bb7 10. Ne5 Qe7 11. f4 c5 12. Ndf3 Ne4 13. Nxd7 Qxd7 14. dxc5 bxc5
15. Bxe4 dxe4 16. Ne5 Qe7 17. Ng4 f6 18. Qe1 f5 19. Ne5 a5 20. a4 Bxe5 21. Bxe5
Rfd8 22. Bc3 Rd3 23. Rb1 Qc7 24. Be5 Qe7 25. Bc3 Qc7 1/2-1/2

[Event "2nd Yerevan Open"]
[Site "?"]
[Date "2017.09.22"]
[Round "4.54"]
[White "Rezanezhad, Hassan"]
[Black "Antonyan, Samvel"]
[Result "1-0"]
[WhiteElo "1959"]
[BlackElo "1648"]
[PlyCount "73"]

1. e4 e6 2. d4 d5 3. e5 c5 4. c3 Nc6 5. Nf3 Qb6 6. a3 c4 7. Nbd2 Na5 8. Be2 Bd7
9. O-O Ne7 10. Ne1 Qc7 11. g3 Nc8 12. Ng2 Nb6 13. Ne3 O-O-O 14. Qe1 h5 15. Rb1
Kb8 16. f4 f5 17. h4 Na4 18. Bd1 Bb5 19. Rf2 Rc8 20. Bc2 g6 21. Qd1 Qc6 22. Kh2
b6 23. Ng2 Bxa3 24. Qe1 Bxb2 25. Bxb2 Nxb2 26. Rxb2 Ba4 27. Qd1 Bxc2 28. Qxc2
Rc7 29. Rf1 Rhc8 30. Ra1 Rb7 31. Ne3 Kc7 32. Qd1 Kd8 33. Nc2 Rcb8 34. Nb4 Qd7
35. Qa4 Qxa4 36. Rxa4 Kd7 37. Na6 1-0

[Event "2nd Yerevan Open"]
[Site "?"]
[Date "2017.09.22"]
[Round "4.55"]
[White "Khachikyan, Haik"]
[Black "Mashalov., Aliniyaz"]
[Result "1-0"]
[WhiteElo "1896"]
[BlackElo "1636"]
[PlyCount "63"]

1. e4 c5 2. Nf3 Nc6 3. Nc3 e5 4. Bc4 d6 5. d3 h6 6. Nd2 Nf6 7. Nf1 a6 8. a4 Nd4
9. Ne3 Rb8 10. Ncd5 b5 11. axb5 axb5 12. Nxf6+ Qxf6 13. Bd5 Bd7 14. c3 Ne6 15.
Ra7 Nf4 16. O-O h5 17. Ba2 Qg6 18. Kh1 h4 19. Rg1 Rh5 20. Nd5 Nxd5 21. Bxd5 Be7
22. h3 Bg5 23. Qf3 Bf6 24. Be3 Rd8 25. Rga1 Be7 26. R1a6 f5 27. Bxc5 fxe4 28.
dxe4 Rh8 29. Bxd6 Rf8 30. Bxe7 Rxf3 31. Rxg6 Kxe7 32. Rxg7+ 1-0

[Event "2nd Yerevan Open"]
[Site "?"]
[Date "2017.09.22"]
[Round "4.57"]
[White "Mkrtumyan, Robert"]
[Black "Manukyan, Levon"]
[Result "1/2-1/2"]
[WhiteElo "1642"]
[BlackElo "1871"]
[PlyCount "105"]

1. e4 e6 2. c4 d5 3. cxd5 exd5 4. exd5 Nf6 5. Nc3 Nxd5 6. Bc4 Nxc3 7. bxc3 Bd6
8. Nf3 O-O 9. O-O Bg4 10. d4 h6 11. Rb1 Nd7 12. Be2 b6 13. Be3 c5 14. h3 Bh5
15. Bb5 cxd4 16. Qxd4 Nc5 17. g4 Ne6 18. Qd2 Bg6 19. Rbd1 Bc5 20. Bd7 Qf6 21.
Bxe6 fxe6 22. Nd4 e5 23. g5 hxg5 24. Bxg5 Qf7 25. Nb3 Be7 26. Bxe7 Qxe7 27. Kh2
Rad8 28. Qe3 Rxd1 29. Rxd1 Bh5 30. Rd5 Qh4 31. Rxe5 Rxf2+ 32. Kg1 Rf3 33. Re8+
Kh7 34. Qe4+ Qxe4 35. Rxe4 Rxh3 36. Re7 Rxc3 37. Rxa7 Rc2 38. Nd4 Rb2 39. Nf5
Bf3 40. Rxg7+ Kh8 41. Ra7 Bd5 42. a4 Rg2+ 43. Kf1 Ra2 44. Ne7 Bc4+ 45. Ke1 b5
46. Ng6+ Kg8 47. Ne7+ Kf8 48. Ng6+ Kg8 49. Ne7+ Kf8 50. Ng6+ Ke8 51. Re7+ Kd8
52. axb5 Bxb5 53. Re5 1/2-1/2

[Event "2nd Yerevan Open"]
[Site "?"]
[Date "2017.09.22"]
[Round "4.58"]
[White "Yedigaryan, Asya"]
[Black "Grigoryan, Arpine"]
[Result "1-0"]
[WhiteElo "1499"]
[BlackElo "1865"]
[PlyCount "107"]

1. e4 e6 2. d4 d5 3. Nc3 Bb4 4. e5 c5 5. a3 Ba5 6. b4 cxd4 7. Nb5 Bb6 8. f4 Nc6
9. Nf3 Nge7 10. Nd6+ Kf8 11. Ng5 d3 12. Bxd3 Nf5 13. Ndxf7 Qc7 14. Nxh8 Nxe5
15. Bxf5 Qc3+ 16. Bd2 Qd4 17. Rf1 exf5 18. Rb1 Nd3+ 19. cxd3 Bd7 20. Qh5 Re8+
21. Ne4 Rxe4+ 22. Kd1 Re7 23. Kc1 Be8 24. Qxf5+ Kg8 25. Rb2 g6 26. Qh3 Qxh8 27.
Re1 Rc7+ 28. Kb1 Bd7 29. Qh4 Rc8 30. Qe7 Bf5 31. Rb3 Qd4 32. Qe2 Qf6 33. Rc1
Rxc1+ 34. Bxc1 Bd4 35. Bb2 Kf7 36. Kc2 Bd7 37. Bxd4 Qxd4 38. Rc3 Qxf4 39. Qf3
Ba4+ 40. Kb2 Qxf3 41. gxf3 Bc6 42. d4 a6 43. Re3 Kf6 44. Re5 g5 45. Kc3 h6 46.
Kd2 Kf7 47. Ke3 Kg7 48. f4 Kf6 49. fxg5+ hxg5 50. Kf3 Kg6 51. Kg3 Kh6 52. Re6+
Kh5 53. Rd6 g4 54. Rd8 1-0

[Event "2nd Yerevan Open"]
[Site "?"]
[Date "2017.09.22"]
[Round "4.59"]
[White "Boyajyan, Hayk"]
[Black "Mitoyan, Zhores"]
[Result "1-0"]
[WhiteElo "1848"]
[BlackElo "1440"]
[PlyCount "125"]

1. c4 Nf6 2. Nc3 b6 3. e4 Bb7 4. e5 Ne4 5. Nxe4 Bxe4 6. Nf3 e6 7. Be2 Be7 8.
O-O O-O 9. d4 d6 10. Be3 Nd7 11. Nd2 Bb7 12. Bf3 Bxf3 13. Nxf3 dxe5 14. dxe5
Bc5 15. Bxc5 Nxc5 16. b4 Nb7 17. Qe2 Qe7 18. c5 bxc5 19. bxc5 Nxc5 20. Rfc1 Na4
21. Qc4 Nb6 22. Qxc7 Qxc7 23. Rxc7 Rfc8 24. Rac1 Rxc7 25. Rxc7 Rc8 26. Rxc8+
Nxc8 27. Kf1 Kf8 28. Ke2 Ke7 29. Kd3 h6 30. Kc4 Kd7 31. Kb5 Kc7 32. Ka6 Ne7 33.
Nd4 Nd5 34. a3 Kb8 35. Nb5 Ka8 36. g3 Kb8 37. h4 Ka8 38. f4 Kb8 39. h5 Ne7 40.
Nxa7 Nf5 41. g4 Ne3 42. g5 Nd5 43. gxh6 gxh6 44. Nb5 Nxf4 45. Nd6 Nxh5 46. Nxf7
Nf4 47. Nxh6 Nd3 48. Ng4 Kc7 49. Kb5 Nb2 50. Nf2 Kb7 51. Kb4 Kc6 52. Kb3 Kd5
53. Kxb2 Kxe5 54. Kc3 Kd5 55. Kb4 Kc6 56. a4 e5 57. a5 Kb7 58. Kb5 Ka7 59. Ne4
Kb7 60. Nc5+ Ka7 61. a6 Ka8 62. Kb6 Kb8 63. a7+ 1-0

[Event "2nd Yerevan Open"]
[Site "?"]
[Date "2017.09.22"]
[Round "4.61"]
[White "Piliposyan, Gor"]
[Black "Petrosyan, Sahak"]
[Result "1-0"]
[WhiteElo "1464"]
[BlackElo "1824"]
[PlyCount "141"]

1. e4 e5 2. Nf3 Nc6 3. Bc4 Nf6 4. d3 Bc5 5. Nc3 O-O 6. O-O h6 7. Be3 d6 8. Bxc5
dxc5 9. h3 Qd6 10. Nb5 Qe7 11. Nh4 Rd8 12. Ng6 Qd7 13. Nh4 a6 14. Nc3 b5 15.
Bb3 Nd4 16. Nf3 a5 17. Nxe5 Qe7 18. Bxf7+ Kh7 19. Bg6+ Kg8 20. Nf3 Ba6 21. e5
Nxf3+ 22. Qxf3 Qxe5 23. Rfe1 Qg5 24. Qf5 c4 25. Qxg5 hxg5 26. dxc4 b4 27. Nb5
Bxb5 28. cxb5 Rd5 29. Bd3 Kf8 30. Bc4 Rd4 31. b3 Rad8 32. f3 Nd5 33. Rad1 Nc3
34. Rd3 Rxd3 35. cxd3 Re8 36. Rxe8+ Kxe8 37. Kf2 Nxa2 38. Ke3 Nc3 39. f4 Nd1+
40. Kd2 Nc3 41. fxg5 a4 42. bxa4 Nxa4 43. Kc2 Nc5 44. Bd5 Ke7 45. d4 Nd7 46.
Kb3 Kd6 47. Be4 Nf8 48. Kxb4 Ne6 49. h4 Nxd4 50. Kc4 Ne6 51. g4 Ke5 52. Bf5 Nd8
53. Kc5 Kf4 54. g6 Ke5 55. h5 Kf6 56. Kd5 Kg5 57. Bd7 Kf6 58. Bc8 Ke7 59. g5
Kf8 60. h6 Kg8 61. Be6+ Kh8 62. Bf7 c6+ 63. bxc6 Nxc6 64. hxg7+ Kxg7 65. Kxc6
Kh8 66. Bb3 Kg7 67. Bc2 Kh8 68. Kd6 Kg7 69. Ke7 Kh8 70. Kf6 Kg8 71. Bb3+ 1-0

[Event "2nd Yerevan Open"]
[Site "?"]
[Date "2017.09.22"]
[Round "4.63"]
[White "Alikhanyan, Artak"]
[Black "Manukyan, Sevak N."]
[Result "0-1"]
[WhiteElo "1421"]
[BlackElo "1799"]
[PlyCount "126"]

1. d4 Nf6 2. c4 c5 3. Nf3 cxd4 4. Nxd4 e5 5. Nc2 Nc6 6. Nc3 Bc5 7. e3 O-O 8.
Be2 d6 9. a3 a5 10. O-O Be6 11. Rb1 a4 12. Bd3 Qa5 13. Nd5 Bxd5 14. cxd5 Nxd5
15. Bxh7+ Kxh7 16. Qxd5 Kg8 17. Qf3 Qb5 18. Rd1 Qb3 19. Qe2 e4 20. Na1 Qe6 21.
Bd2 Ne5 22. Nc2 Nd3 23. Ne1 Ne5 24. Bc3 Nc4 25. g3 Rad8 26. Ng2 Ne5 27. Bxe5
Qxe5 28. Qb5 Ra8 29. Nf4 b6 30. Qe2 Rfe8 31. Qg4 g6 32. Rd5 Qg7 33. h4 Re5 34.
Rbd1 Rae8 35. h5 gxh5 36. Qxg7+ Kxg7 37. Nxh5+ Kg6 38. Nf4+ Kg5 39. Rxe5+ Rxe5
40. Rd5 Kf5 41. Kf1 b5 42. Ke1 b4 43. axb4 Bxb4+ 44. Kd1 Rxd5+ 45. Nxd5 Ba5 46.
Ne7+ Ke6 47. Nc6 Bb6 48. Nb4 d5 49. Nc2 Bc5 50. Ke2 Kd6 51. f3 f5 52. Kf2 Kc6
53. Ke2 Kb5 54. fxe4 dxe4 55. Kd2 Kc4 56. Na1 Bd6 57. Nc2 Be5 58. Kc1 Kb3 59.
Kd2 Bxb2 60. Kd1 a3 61. Nxa3 Bxa3 62. Ke2 Bd6 63. Kf2 Kc3 0-1

[Event "2nd Yerevan Open"]
[Site "?"]
[Date "2017.09.22"]
[Round "4.65"]
[White "Gesyan, Suren"]
[Black "Barseghyan, Narek"]
[Result "1-0"]
[WhiteElo "2063"]
[BlackElo "1733"]
[PlyCount "93"]

1. Nf3 Nf6 2. b3 b6 3. Bb2 Bb7 4. d3 d5 5. c4 e6 6. Nbd2 c5 7. cxd5 exd5 8. e3
Be7 9. Be2 O-O 10. Nf1 d4 11. e4 Nh5 12. Bc1 Nf6 13. Ng3 Bc8 14. O-O Nc6 15.
Bf4 Ne8 16. Ne1 f6 17. Bg4 g5 18. Bxc8 Rxc8 19. Bd2 Ng7 20. f4 h6 21. Qg4 Qe8
22. fxg5 fxg5 23. Nf5 Nxf5 24. Rxf5 Bf6 25. Nf3 Bg7 26. Rxf8+ Qxf8 27. Rf1 Qe8
28. h4 Rc7 29. hxg5 h5 30. Qh3 Ne5 31. Nxe5 Bxe5 32. Rf5 Rg7 33. g6 Rxg6 34.
Qxh5 Bg7 35. Rg5 Re6 36. Qg4 Re7 37. Bf4 Qd7 38. Qg3 Rf7 39. Be5 Qe7 40. a4 Qd7
41. Kh2 Kf8 42. Bxg7+ Rxg7 43. Rxg7 Qxg7 44. Qb8+ Kf7 45. Qxa7+ Kf6 46. Qxg7+
Kxg7 47. Kg3 1-0

[Event "2nd Yerevan Open"]
[Site "?"]
[Date "2017.09.22"]
[Round "4.66"]
[White "Chaqryan, Erik"]
[Black "Grigoryan, Aram"]
[Result "1-0"]
[WhiteElo "1821"]
[BlackElo "1673"]
[PlyCount "109"]

1. d4 Nf6 2. c4 g6 3. Nc3 Bg7 4. e4 d6 5. f3 O-O 6. Bg5 c5 7. d5 a6 8. Qd2 Qa5
9. Nge2 b5 10. Ng3 e6 11. Be2 b4 12. Nd1 exd5 13. cxd5 Qc7 14. O-O a5 15. Bh6
Re8 16. Bxg7 Kxg7 17. Ne3 h6 18. Bb5 Re7 19. b3 Qb6 20. Bc4 Qd8 21. Qb2 h5 22.
Rae1 h4 23. Nh1 Re5 24. Nf2 Kg8 25. f4 Re8 26. e5 Nh5 27. Nfg4 Nd7 28. e6 Ndf6
29. Nh6+ Kg7 30. Nxf7 Qe7 31. Ng4 Kg8 32. Ngh6+ Kg7 33. Ng4 Rg8 34. Nfh6 Rf8
35. Rf2 Kh7 36. Ref1 Nxg4 37. Nxg4 Nf6 38. Ne5 Bb7 39. Nf7 Rxf7 40. exf7 Qxf7
41. Rf3 Bxd5 42. Bxd5 Nxd5 43. Rh3 Qe7 44. Qf2 Kg7 45. Re1 Qf6 46. Rxh4 Kf8 47.
g3 Nc3 48. Rg4 Re8 49. h4 Kf7 50. f5 Rg8 51. fxg6+ Kg7 52. Rf4 Qxg6 53. Re7+
Kh8 54. Rff7 d5 55. Qf6+ 1-0

[Event "2nd Yerevan Open"]
[Site "?"]
[Date "2017.09.22"]
[Round "4.67"]
[White "Nourimoghaddam, Shahrokh"]
[Black "Qaloyan,  Ishkhan"]
[Result "0-1"]
[WhiteElo "1794"]
[BlackElo "1317"]
[PlyCount "98"]

1. d4 Nf6 2. Bf4 e6 3. e3 d5 4. c3 Nbd7 5. Nf3 c5 6. Nbd2 Be7 7. Bd3 O-O 8. h4
Qb6 9. Qb1 h6 10. Ne5 cxd4 11. exd4 Nxe5 12. Bxe5 Nd7 13. Bg3 Bd6 14. f4 Re8
15. Nf3 f6 16. Bh7+ Kh8 17. Bg6 Re7 18. O-O e5 19. fxe5 fxe5 20. h5 Nf6 21. Kh1
e4 22. Ne5 Be6 23. Qc1 Bxe5 24. Bxe5 Ng4 25. Bg3 e3 26. Qc2 Bd7 27. Rae1 Bb5
28. Rf4 Nf6 29. Bh4 Qd6 30. Bg3 Qb6 31. Rf3 Ne4 32. Bxe4 Rxe4 33. Rfxe3 Rxe3
34. Rxe3 Rf8 35. Be5 Be8 36. Rg3 Rf7 37. Qe2 Qb5 38. Qe3 Qc6 39. Kh2 Re7 40.
Qf4 Kg8 41. Qg4 Qd7 42. Qh4 Qe6 43. Re3 Rf7 44. g4 Bd7 45. g5 Qf5 46. Rg3 Qf2+
47. Kh1 Qe1+ 48. Kh2 Rf2+ 49. Rg2 Rxg2+ 0-1

[Event "2nd Yerevan Open"]
[Site "?"]
[Date "2017.09.22"]
[Round "4.68"]
[White "Seyranyan, Gor"]
[Black "Margaryan, Yuri"]
[Result "1-0"]
[WhiteElo "1747"]
[BlackElo "1501"]
[PlyCount "89"]

1. d4 Nf6 2. c4 g6 3. Nc3 Bg7 4. e4 d6 5. Nf3 O-O 6. Be2 c5 7. d5 Na6 8. O-O
Nc7 9. Bf4 Nh5 10. Bg5 h6 11. Be3 b6 12. Qd2 Kh7 13. h3 Bd7 14. Nh2 Nf6 15. Ng4
h5 16. Nh2 a6 17. a4 Qb8 18. f4 b5 19. axb5 axb5 20. e5 Ng8 21. Ne4 Bf5 22.
Ng5+ Kh8 23. g4 hxg4 24. hxg4 Bd7 25. Rxa8 Qxa8 26. Ne4 bxc4 27. Bxc4 Bb5 28.
Bxb5 Nxb5 29. Rf3 dxe5 30. Rh3+ Nh6 31. fxe5 Qa1+ 32. Kg2 Qb1 33. Nf2 Bxe5 34.
Bxh6 Bg7 35. Bxg7+ Kxg7 36. Qh6+ Kf6 37. g5+ Ke5 38. Qxf8 Kxd5 39. Qxf7+ Kd6
40. Rd3+ Nd4 41. Qxg6+ Kc7 42. Qe4 Qxb2 43. Qxe7+ Kb6 44. g6 c4 45. Qf6+ 1-0

[Event "2nd Yerevan Open"]
[Site "?"]
[Date "2017.09.22"]
[Round "4.69"]
[White "Petrosyants, Argishti"]
[Black "Khachatryan, Hayk"]
[Result "1-0"]
[WhiteElo "1667"]
[BlackElo "1957"]
[PlyCount "115"]

1. d4 g6 2. Nf3 Bg7 3. c4 d6 4. Nc3 Nc6 5. Bg5 Bg4 6. e3 h6 7. Bh4 g5 8. Bg3 e5
9. d5 Nce7 10. h3 Bxf3 11. Qxf3 f5 12. Qh5+ Kf8 13. Qd1 f4 14. Bh2 Nf5 15. Bd3
Qd7 16. Qg4 Nge7 17. e4 h5 18. Qxg5 Nd4 19. f3 Kf7 20. Qh4 Bf6 21. Qf2 Rhg8 22.
O-O-O h4 23. Rhe1 c5 24. dxc6 bxc6 25. c5 d5 26. Qd2 Rg5 27. Bf1 Rd8 28. Bg1
Ne6 29. exd5 cxd5 30. Ne4 Rh5 31. Nd6+ Kg7 32. Bb5 Qc7 33. Ne8+ Rxe8 34. Bxe8
Rh8 35. Bb5 d4 36. Kb1 Rb8 37. a4 Nd5 38. Rc1 a6 39. Bc4 Qxc5 40. Bb5 Qe7 41.
Bc6 Nb4 42. Rc4 Qd6 43. Rec1 Nc7 44. Bf2 Ncd5 45. Bxd5 Nxd5 46. Be1 Qa3 47. Rc5
Ne3 48. Rb5 Rxb5 49. axb5 Qd6 50. Rc6 Qd7 51. Qa5 Qf5+ 52. Ka2 axb5 53. Qa7+
Kg8 54. Rc7 Qe6+ 55. b3 Bd8 56. Rg7+ Kf8 57. Bb4+ Be7 58. Rxe7 1-0

[Event "2nd Yerevan Open"]
[Site "?"]
[Date "2017.09.22"]
[Round "4.70"]
[White "Ohanyan,  Emin"]
[Black "Machkalyan, Haik"]
[Result "0-1"]
[WhiteElo "1672"]
[BlackElo "1890"]
[PlyCount "60"]

1. e4 e6 2. d4 d5 3. Nc3 Bb4 4. e5 c5 5. a3 Bxc3+ 6. bxc3 Ne7 7. Qg4 cxd4 8.
Qxg7 Rg8 9. Qxh7 Qc7 10. Ne2 Nbc6 11. f4 Bd7 12. Qd3 dxc3 13. Nxc3 a6 14. Ne2
Nf5 15. g4 Rxg4 16. Bh3 Rg6 17. Bxf5 exf5 18. Bd2 O-O-O 19. Nc3 Be6 20. Rb1 Na5
21. Na4 Nc4 22. Nb6+ Nxb6 23. Ba5 Bd7 24. Qd4 Bb5 25. Rb3 Kb8 26. Rc3 Bc4 27.
Kf2 Rh8 28. e6 Rh4 29. exf7 Rxf4+ 30. Ke3 Re6+ 0-1

[Event "2nd Yerevan Open"]
[Site "?"]
[Date "2017.09.22"]
[Round "4.71"]
[White "Nanyan, Georgy"]
[Black "Hakobyan, Norayr"]
[Result "0-1"]
[WhiteElo "1610"]
[BlackElo "1727"]
[PlyCount "134"]

1. Nf3 Nf6 2. c4 e6 3. g3 b6 4. Bg2 Bb7 5. O-O c5 6. d4 cxd4 7. Nxd4 Bxg2 8.
Kxg2 Be7 9. b3 a6 10. Bb2 O-O 11. Nc3 Qc8 12. e4 d6 13. Rc1 Nbd7 14. f3 Qb7 15.
Qe2 Rac8 16. Rfd1 Rfd8 17. Rc2 Ne5 18. Rcd2 Bf8 19. Nc2 Qb8 20. Na4 Ned7 21.
Bd4 b5 22. cxb5 axb5 23. Nb2 Qb7 24. Nd3 Rc7 25. Ndb4 Rdc8 26. Be3 Ne5 27. Bd4
Nfd7 28. Nd3 Nxd3 29. Qxd3 Nc5 30. Qe2 Be7 31. Bf2 h6 32. Nd4 Rb8 33. Rc2 Na6
34. Rxc7 Nxc7 35. Rc1 d5 36. exd5 Nxd5 37. Qe5 Bf6 38. Qe4 b4 39. Ne2 Qa6 40.
Rc2 Ra8 41. Nf4 Nxf4+ 42. Qxf4 Bc3 43. Bc5 Qb5 44. Qd6 Kh7 45. h4 Ra5 46. Bf2
Qf5 47. Qd1 Rd5 48. Qe2 Re5 49. Qd1 g6 50. Re2 Rd5 51. Qc2 Rd3 52. Re3 Rd2 53.
Qe4 Qxe4 54. Rxe4 Rxa2 55. Kg1 Rb2 56. Rc4 Rxb3 57. Rc7 Kg7 58. Kg2 Rb2 59. Kg1
Be5 60. Rb7 b3 61. f4 Bf6 62. g4 Rb1+ 63. Kg2 b2 64. g5 hxg5 65. hxg5 Bc3 66.
Rb3 Rc1 67. Be1 Rxe1 0-1

[Event "2nd Yerevan Open"]
[Site "?"]
[Date "2017.09.22"]
[Round "4.72"]
[White "Gevorgyan, Anahit"]
[Black "Avagyan, Gor V."]
[Result "1-0"]
[WhiteElo "1723"]
[BlackElo "1477"]
[PlyCount "61"]

1. e4 b6 2. d4 Bb7 3. Nc3 e6 4. Bd3 Bb4 5. Nge2 Nf6 6. O-O O-O 7. a3 Be7 8. Ng3
c5 9. d5 h6 10. Bc4 exd5 11. Nxd5 Nxd5 12. Bxd5 Bxd5 13. Qxd5 Na6 14. Rd1 Bf6
15. c3 Re8 16. f4 Nc7 17. Qxd7 Qxd7 18. Rxd7 Ne6 19. e5 Nf8 20. Rd5 Bd8 21. Bd2
Bc7 22. Rd1 Rad8 23. c4 Nh7 24. Nf5 f6 25. Bc3 fxe5 26. Rd7 Nf6 27. Rxg7+ Kf8
28. Rxd8 Bxd8 29. Bxe5 Ne4 30. Nxh6 Nf6 31. Rf7# 1-0

[Event "2nd Yerevan Open"]
[Site "?"]
[Date "2017.09.22"]
[Round "4.73"]
[White "Khachatryan, Veronika"]
[Black "Hakobyan, Astghik"]
[Result "1/2-1/2"]
[WhiteElo "1595"]
[BlackElo "1708"]
[PlyCount "120"]

1. Nf3 Nf6 2. g3 d5 3. Bg2 e6 4. O-O Be7 5. d3 O-O 6. Nbd2 c5 7. e4 Nc6 8. e5
Nd7 9. Re1 Qc7 10. Qe2 b5 11. Nf1 c4 12. d4 b4 13. h4 a5 14. Bf4 c3 15. b3 Ba6
16. Qe3 Qb6 17. N1h2 Rfe8 18. Bh3 Nf8 19. h5 f6 20. Ng4 fxe5 21. Ngxe5 Bf6 22.
Nxc6 Qxc6 23. Ne5 Qb6 24. Rad1 Ra7 25. Bg5 Bxe5 26. Qxe5 h6 27. Bf4 Rf7 28. Qe3
Bc8 29. Bf1 Ba6 30. Bh3 Rfe7 31. Qe5 Rf7 32. Qe3 Qd8 33. Qf3 Kh8 34. Qg2 Qf6
35. Re3 Bc8 36. Qf1 Bd7 37. Bg2 Nh7 38. Qe2 Ng5 39. Bxg5 Qxg5 40. Re5 Rf5 41.
Re1 Ref8 42. Bh3 Rxe5 43. Qxe5 Qd2 44. Re2 Qd1+ 45. Bf1 Bb5 46. Re1 Qxc2 47.
Bxb5 Qxf2+ 48. Kh1 Qf3+ 49. Kg1 c2 50. Rc1 Qf2+ 51. Kh1 Qf3+ 52. Kg1 Rf5 53.
Qb8+ Rf8 54. Qe5 Qd1+ 55. Qe1 Qxd4+ 56. Kg2 Qb2 57. Bd3 Qxa2 58. Qxe6 Qb2 59.
Qg6 Kg8 60. Qe6+ Kh8 1/2-1/2